| 000 | 00693cam a2200253 a 4500 | ||
|---|---|---|---|
| 001 | 4191178 | ||
| 005 | 20240303232308.0 | ||
| 008 | 821207s1981 enk b 001 0 eng | ||
| 020 | _a0422761400 | ||
| 020 | _a0422761508 | ||
| 040 |
_aDLC _cDLC _dDLC |
||
| 082 | 0 | 0 |
_a323,334. _219 _bWOM. |
| 100 | 1 | _aStacey, Margaret. | |
| 245 | 1 | 0 |
_aWomen, power, and politics / _cMargaret Stacey and Marion Price. |
| 260 |
_aNew York : _bTavistock Publication / _c1981. |
||
| 300 | _aix, 214 p. ; | ||
| 490 | 0 | _aTavistock women's studies | |
| 500 | _aIncludes indexes. | ||
| 650 | 0 | _aWomen | |
| 650 | 0 | _aWomen in public life. | |
| 650 | 0 | _aWomen | |
| 650 | 0 | _aPower (Social sciences) | |
| 942 | _cL | ||
| 999 |
_c529 _d529 |
||